ՀՀ Գիտությունների ազգային ակադեմիայի հիմնարար գիտական գրադարան  =   Fundamental Scientific Library of NAS RA

Высокотемпературное ядерное топливо / (Record no. 145739)

MARC details
000 -LEADER
fixed length control field 01011nam a2200241 u 4500
001 - CONTROL NUMBER
control field 000381780
003 - CONTROL NUMBER IDENTIFIER
control field AM-YeHGA
005 - DATE AND TIME OF LATEST TRANSACTION
control field 20250617132129.0
008 - FIXED-LENGTH DATA ELEMENTS--GENERAL INFORMATION
fixed length control field 041113s1978 ||||||||||||||||||||rus d
040 ## - CATALOGING SOURCE
Original cataloging agency AM-YeHGA
041 0# - LANGUAGE CODE
Language code of text/sound track or separate title rus
090 ## - LOCALLY ASSIGNED LC-TYPE CALL NUMBER (OCLC); LOCAL CALL NUMBER (RLIN)
-- 147124
245 00 - TITLE STATEMENT
Title Высокотемпературное ядерное топливо /
Statement of responsibility, etc. Р.Б. Котельников, С.Н. Башлыков, А.И. Каштанов, Т.С. Меньшикова.
250 ## - EDITION STATEMENT
Edition statement 2-е изд.
260 ## - PUBLICATION, DISTRIBUTION, ETC.
Place of publication, distribution, etc. Москва :
Name of publisher, distributor, etc. Атомиздат,
Date of publication, distribution, etc. 1978.
300 ## - PHYSICAL DESCRIPTION
Extent 432 с. :
Other physical details рис. 176, табл. 73.
504 ## - BIBLIOGRAPHY, ETC. NOTE
Bibliography, etc. note Список лит. 617 назв.
650 14 - SUBJECT ADDED ENTRY--TOPICAL TERM
Topical term or geographic name entry element Ядерная техника. Ядерная (атомная) энергетика
700 1# - ADDED ENTRY--PERSONAL NAME
Personal name Котельников, Рэд Борисович
700 1# - ADDED ENTRY--PERSONAL NAME
Personal name Башлыков, Сергей Николаевич
700 1# - ADDED ENTRY--PERSONAL NAME
Personal name Каштанов, Андрей Иванович
700 1# - ADDED ENTRY--PERSONAL NAME
Personal name Меньшикова, Татьяна Сергеевна
Holdings
Withdrawn status Lost status Damaged status Not for loan Collection Home library Current library Date acquired Total checkouts Full call number Barcode Date last seen Price effective from Koha item type Public note
        General Fundamental Scientific Library Fundamental Scientific Library 22/12/2016   PII/413103 FL0427465 22/12/2016 22/12/2016 Գրքեր / Books 30 Days Loan
        General Fundamental Scientific Library Fundamental Scientific Library 22/12/2016   PII/414316 FL0429069 22/12/2016 22/12/2016 Գրքեր / Books 30 Days Loan


ՀՀ ԳԱԱ հիմնարար գիտական գրադարան
ՀՀ,Երևան 0019
Մարշալ Բաղրամյան 24/6
հեռախոս:(374-10) 52-47-50
Հետադարձ կապ

All site content, except where otherwise noted, is licensed under a
Creative Commons License